Vendiendo las joyas de la abuela políticas culturales e identidad nacional en Costa Rica (1990-2010)
Bewaard in:
| Hoofdauteur: | |
|---|---|
| Andere auteurs: | |
| Formaat: | Overheidsdocument Boek |
| Taal: | Spanish |
| Gepubliceerd in: |
San José, Costa Rica
EUNED
2013
|
| Editie: | 1. edición |
| Reeks: | Colección Historia cultural de Costa Rica
15 |
| Onderwerpen: | |
| Tags: |
Voeg label toe
Geen labels, Wees de eerste die dit record labelt!
|
MARC
| LEADER | 00000nam a22000007a 4500 | ||
|---|---|---|---|
| 007 | ta | ||
| 008 | 140123s2013 cr a|||| ||||a000 0 spa d | ||
| 020 | |a 9789968319607 | ||
| 040 | |a cru CIICLA Universidad de Costa Rica | ||
| 086 | |a 972.86 C965v | ||
| 100 | 0 | |9 73 |a Cuevas Molina, Rafael |d 1954- | |
| 245 | |a Vendiendo las joyas de la abuela |b políticas culturales e identidad nacional en Costa Rica (1990-2010) |c Rafael Cuevas Molina, Andrés Mora Ramírez | ||
| 250 | |a 1. edición | ||
| 260 | |a San José, Costa Rica |b EUNED |c 2013 | ||
| 300 | |a xvii, 268 páginas |b ilustraciones | ||
| 490 | 0 | |a Colección Historia cultural de Costa Rica |v 15 | |
| 650 | |a IDENTIDAD CULTURAL | ||
| 650 | |a NACIONALISMO | ||
| 651 | |a COSTA RICA | ||
| 700 | 1 | 2 | |a Mora Ramírez, Andrés |
| 942 | |2 ddc |c BK |k 972.86 |m C965v | ||
| 999 | |c 3148 |d 3148 | ||



